[Event "Polish Extraleague"]
[Site "Lubniewice POL"]
[Date "2003.09.03"]
[Round "5"]
[White "Owczarzak,J"]
[Black "Gdanski,J"]
[Result "1/2-1/2"]
[WhiteElo "2307"]
[BlackElo "2520"]

1.e4 e6 2.d4 d5 3.Nc3 Nf6 4.e5 Nfd7 5.f4 c5 6.Nf3 Nc6 7.Be3 a6 8.Qd2 b5 9.dxc5 Bxc5
10.Qf2 Bxe3 11.Qxe3 Qb6 12.Qxb6 Nxb6 13.Ne2 Ke7 14.Ned4 Nxd4 15.Nxd4 f6 16.Bd3 Bd7
17.Kd2 fxe5 18.fxe5 Rac8 19.Rhf1 Be8 20.Rf3 Bg6 21.b3 Nd7 22.Re1 Bxd3 23.cxd3 Rhf8
24.Rxf8  1/2-1/2

[Event "LXXVII ch-ARG"]
[Site "Tres de Febrero ARG"]
[Date "2003.09.05"]
[Round "3"]
[White "Mahia,G"]
[Black "De Dovitiis,A"]
[Result "1-0"]
[WhiteElo "2377"]
[BlackElo "2401"]

1.e4 e6 2.d4 d5 3.Nc3 Nf6 4.e5 Nfd7 5.Nce2 c5 6.c3 Nc6 7.f4 cxd4 8.cxd4 Bb4+
9.Bd2 Qb6 10.Nf3 f6 11.Bxb4 Qxb4+ 12.Qd2 Qxd2+ 13.Kxd2 O-O 14.Rc1 g5 15.g3 g4
16.Ne1 Nb6 17.b3 a5 18.a4 Nb4 19.exf6 Rxf6 20.Nc2 Bd7 21.Nxb4 axb4 22.Rc2 Bxa4
23.bxa4 Nc4+ 24.Rxc4 dxc4 25.Nc1 Rc8 26.Na2 Rf5 27.Nxb4 Ra5 28.Be2 h5 29.Rb1 Rxa4
30.Nc2 Rc7 31.Kc3 Ra5 32.Rb6 Kf7 33.Bxc4 Ra2 34.Ne3 Rxh2 35.Kd3 Rh3 36.Bxe6+ Ke8
37.Nf5 h4 38.Nxh4 Rxg3+ 39.Ke4 Rg1 40.Rb2 Re1+ 41.Kf5 Rh7 42.Ng6 g3 43.Rc2 Rh5+
44.Kf6  1-0

[Event "FSIM September"]
[Site "Budapest HUN"]
[Date "2003.09.06"]
[Round "1"]
[White "Brustkern,J"]
[Black "Farago,S"]
[Result "1/2-1/2"]
[WhiteElo "2227"]
[BlackElo "2319"]

1.e4 e6 2.d4 d5 3.Nc3 Nf6 4.e5 Nfd7 5.f4 c5 6.Nf3 Nc6 7.Be3 Qb6 8.Na4 Qa5+
9.Nc3 Qb6 10.Na4 Qa5+  1/2-1/2

[Event "1st League TCh-SCG"]
[Site "Budva SCG"]
[Date "2003.09.08"]
[Round "10"]
[White "Miljanic,B"]
[Black "Kalezic,B"]
[Result "1-0"]
[WhiteElo "2412"]
[BlackElo "2430"]

1.e4 e6 2.d4 d5 3.Nc3 Nf6 4.e5 Nfd7 5.f4 c5 6.Nf3 Nc6 7.Be3 cxd4 8.Nxd4 Bc5
9.Qd2 a6 10.O-O-O O-O 11.Qf2 Nxd4 12.Bxd4 Qc7 13.Bd3 b5 14.Qh4 g6 15.Ne2 b4
16.Qh6 Bxd4 17.Nxd4 Nc5 18.h4 Bd7 19.h5 Be8 20.g4 Ra7 21.Rh3 Bb5 22.Bxb5 b3
23.Bc6 bxa2 24.Ra3 Rb8 25.Rxa2 Rb4 26.hxg6 fxg6 27.Nxe6 Nxe6 28.Bxd5  1-0

[Event "It"]
[Site "Poitou Charentes FRA"]
[Date "2003.09.08"]
[Round "3"]
[White "Lejarre,L"]
[Black "David,Vi"]
[Result "1/2-1/2"]
[WhiteElo "2301"]
[BlackElo "2333"]

1.e4 e6 2.d4 d5 3.Nc3 Nf6 4.e5 Nfd7 5.f4 c5 6.Nf3 Nc6 7.Be3 a6 8.Qd2 b5 9.dxc5 Bxc5
10.Bxc5 Nxc5 11.Qf2 Qb6 12.b4 Nxb4 13.Rb1 Nc6  1/2-1/2

[Event "FSGM September"]
[Site "Budapest HUN"]
[Date "2003.09.10"]
[Round "5"]
[White "Timoshenko,G"]
[Black "Pert,N"]
[Result "1-0"]
[WhiteElo "2548"]
[BlackElo "2483"]

1.e4 e6 2.d4 d5 3.Nc3 Nf6 4.e5 Nfd7 5.f4 c5 6.Nf3 a6 7.Be3 Qb6 8.a3 Qa7 9.g3 Nc6
10.Bg2 cxd4 11.Nxd4 Bc5 12.Nce2 O-O 13.O-O f6 14.exf6 Nxf6 15.h3 Bd7 16.b4 Bb6
17.c3 Rae8 18.Kh2 e5 19.Nxc6 bxc6 20.Bxb6 Qxb6 21.Rc1 a5 22.fxe5 Rxe5 23.Qd4 Qxd4
24.Nxd4 Rh5 25.Kg1 Rc8 26.g4 Re5 27.Nb3 axb4 28.cxb4 h5 29.gxh5 Rxh5 30.Rc3 Kf7
31.Nc5 Bf5 32.a4 Rch8 33.Rff3 d4 34.Ra3 Ke7 35.a5 Nd7 36.Nxd7 Kxd7 37.a6 Rg5
38.a7 Be4 39.Rg3 Rxg3 40.Rxg3 Bxg2 41.Rxg7+ Kd6 42.Kxg2 Kd5 43.Kf2 Kc4 44.Rc7 Kxb4
45.Rb7+ Kc3 46.Rb8  1-0

[Event "56th ch-RUS"]
[Site "Krasnoyarsk RUS"]
[Date "2003.09.10"]
[Round "7"]
[White "Kharitonov,Ana"]
[Black "Iljushin,A"]
[Result "0-1"]
[WhiteElo "1925"]
[BlackElo "2553"]

1.e4 e6 2.d4 d5 3.Nc3 Nf6 4.e5 Nfd7 5.f4 c5 6.Nf3 Nc6 7.Be3 cxd4 8.Nxd4 Bc5
9.Qd2 O-O 10.O-O-O a6 11.Qf2 Bxd4 12.Bxd4 b5 13.Bd3 b4 14.Ne2 a5 15.Kb1 Ba6
16.h4 Qc7 17.h5 Rfc8 18.Be3 a4 19.Nd4 Bxd3 20.cxd3 Nxd4 21.Bxd4 b3 22.Rc1 bxa2+
23.Kxa2 Qb7 24.Rc3 Rxc3 25.bxc3 Qb5 26.Qc2 Nc5 27.Bxc5 Qxc5 28.Rb1 Rc8 29.d4 Qc4+
30.Ka3 h6 31.Rb4 Qf1 32.Qb2 Qxf4 33.Rb8 Rxb8 34.Qxb8+ Kh7 35.Qb1+ Qe4 36.Qb2 Qd3
37.Kxa4 Qd1+ 38.Kb5 Qxh5 39.Kc6 Qf5 40.Qe2 h5 41.Kd7 h4 42.Ke8 Kh6 43.Qe3+ g5
44.Kf8 Kg6 45.Qe1 Kh5 46.Qe2+ g4 47.Qe3 h3 48.Qg3 hxg2 49.Qxg2 Qf3 50.Qh2+ Kg5
51.Qh7 g3 52.Qg7+ Kh4 53.Qh6+ Qh5 54.Qf4+ Kh3 55.Qe3 Qf5 56.Ke8 Kg4  0-1

[Event "It"]
[Site "Poitou Charentes FRA"]
[Date "2003.09.10"]
[Round "5"]
[White "Lejarre,L"]
[Black "Picard,R"]
[Result "0-1"]
[WhiteElo "2301"]
[BlackElo "2244"]

1.e4 e6 2.d4 d5 3.Nc3 Nf6 4.e5 Nfd7 5.f4 c5 6.Nf3 Qb6 7.a3 a6 8.Be3 Nc6 9.Na4 Qa5+
10.c3 cxd4 11.b4 Qc7 12.cxd4 b5 13.Nc5 Nb6 14.Be2 Be7 15.O-O O-O 16.Qb3 Nc4
17.a4 Rb8 18.axb5 Rxb5 19.Bxc4 Rxb4 20.Qa2 Rxc4 21.Nxa6 Bxa6 22.Qxa6 Nb4
23.Qa7 Nc2 24.Qxc7 Rxc7 25.Rac1 Ba3 26.Rxc2 Rxc2 27.Ra1 Bb2 28.Ra2 Rb8 29.Kf1 Rc3
30.Bd2 Ra3 31.Rxa3 Bxa3 32.Kf2 h6 33.g4 Rb2 34.Kg3 Rb3 35.Kf2 Kf8 36.h4 Ke7
37.h5 Bb4 38.Be3 Rb2+ 39.Kf1 f5 40.exf6+ Kxf6 41.Kg1 Re2 42.Bc1 Bc3 43.Kf1 Ra2
44.Be3 Bb2 45.Bf2 Bc1 46.Bg3 Be3 47.g5+ Kf5  0-1

[Event "56th ch-RUS"]
[Site "Krasnoyarsk RUS"]
[Date "2003.09.11"]
[Round "8"]
[White "Klimov,S"]
[Black "Ulibin,M"]
[Result "1/2-1/2"]
[WhiteElo "2512"]
[BlackElo "2558"]

1.d4 e6 2.e4 d5 3.Nc3 Nf6 4.e5 Nfd7 5.f4 c5 6.Nf3 Qb6 7.Ne2 Nc6 8.c3 a5 9.g3 a4
10.Bh3 a3 11.b3 cxd4 12.cxd4 Ndb8 13.O-O Bb4 14.Be3 Ne7 15.Rc1 Bd7 16.Ne1 O-O
17.Nd3 Na6 18.g4 f5 19.exf6 gxf6 20.Ng3 Rac8 21.Rxc8 Nxc8 22.g5 f5 23.Qh5 Be8
24.Qh6 Qd6 25.Ne5 Qe7 26.Kh1 Nc7 27.g6 hxg6 28.Nxg6 Bxg6 29.Qxg6+ Qg7 30.Qh5 Qh7
31.Rg1 Kh8 32.Bf1 Qxh5 33.Nxh5 Ne7 34.Be2  1/2-1/2

[Event "FSGM September"]
[Site "Budapest HUN"]
[Date "2003.09.12"]
[Round "7"]
[White "Timoshenko,G"]
[Black "Erdos,V"]
[Result "1/2-1/2"]
[WhiteElo "2548"]
[BlackElo "2420"]

1.e4 e6 2.d4 d5 3.Nc3 Nf6 4.e5 Nfd7 5.f4 c5 6.Nf3 Nc6 7.Be3 cxd4 8.Nxd4 Bc5
9.Qd2 O-O 10.O-O-O a6 11.Kb1 Qc7 12.h4 Nxd4 13.Bxd4 b5 14.Rh3 b4 15.Na4 Bxd4
16.Qxd4 Rb8 17.b3 a5 18.c3 f6 19.exf6 Nxf6 20.c4 Bd7 21.Nc5 Rbc8 22.Nxd7 Nxd7
23.Qe3 Rf6 24.Rf3 Nc5 25.Qe5 Ne4 26.Qxc7  1/2-1/2

[Event "56th ch-RUS"]
[Site "Krasnoyarsk RUS"]
[Date "2003.09.12"]
[Round "9"]
[White "Shomoev,A"]
[Black "Iljushin,A"]
[Result "1/2-1/2"]
[WhiteElo "2479"]
[BlackElo "2553"]

1.e4 e6 2.d4 d5 3.Nc3 Nf6 4.e5 Nfd7 5.f4 c5 6.Nf3 Nc6 7.Be3 cxd4 8.Nxd4 Bc5
9.Qd2 O-O 10.O-O-O a6 11.Qf2 Bxd4 12.Bxd4 b5 13.Be3 b4 14.Na4 f6 15.exf6 Nxf6
16.Bb6 Ne4 17.Qe1 Qf6 18.g3 Qf7 19.Bg2 e5 20.Rxd5 Qxd5 21.Qxe4 Qxe4 22.Bxe4 Bd7
23.Bc5 Rf6 24.fxe5 Rh6 25.Be3 Rh5 26.Bd5+ Kh8 27.Nb6 Rd8 28.Nxd7 Nxe5 29.Nb6 Ng4
30.Bf3 Rxh2 31.Rxh2 Nxh2 32.Be2 Rf8 33.Nd5 a5 34.Nf4 Re8 35.Bg1 Nf1 36.Bxf1 Re1+
37.Kd2 Rxf1 38.Bb6 Ra1 39.Bxa5 Rxa2 40.Bxb4 Rxb2 41.Bc3 Rb5 42.Ne6 Kg8 43.Nxg7 Rd5+
44.Ke3 Rc5 45.Bd4 Rxc2 46.Nh5 Kf7 47.Kf3 Rc4 48.Be3 Ra4 49.Nf4 Ra3 50.Ke4 Kf6
51.Nd5+ Kg6 52.Kf4 Ra4+ 53.Kf3 Kf5 54.Bf4 Ra3+ 55.Ne3+ Kg6 56.Kg4 Ra2 57.Nd5 Ra5
58.Ne3 Ra2 59.Kh3 Ra4 60.Ng2 Kf5 61.Kh4 Ke4 62.Kg4 Ra8 63.Nh4 Ra5 64.Bg5 Ra3
65.Ng2 h5+ 66.Kh3 Ra5 67.Bd2 Ra2 68.Bg5 Ra5 69.Bf4 Ra1 70.Kh4 Kf3 71.Ne3 Ra4
72.Kg5 h4 73.Kxh4 Rxf4+  1/2-1/2

[Event "FSGM September"]
[Site "Budapest HUN"]
[Date "2003.09.16"]
[Round "11"]
[White "Timoshenko,G"]
[Black "Jakab,A"]
[Result "1-0"]
[WhiteElo "2548"]
[BlackElo "2442"]

1.e4 e6 2.d4 d5 3.Nc3 Nf6 4.e5 Nfd7 5.f4 c5 6.Nf3 Nc6 7.Be3 cxd4 8.Nxd4 Bc5
9.Qd2 O-O 10.O-O-O a6 11.Kb1 Nxd4 12.Bxd4 b5 13.Qe3 Qc7 14.Bd3 b4 15.Qh3 g6
16.Ne2 Bxd4 17.Nxd4 Nc5 18.Qe3 a5 19.h4 Ba6 20.h5 Nxd3 21.cxd3 Rac8 22.g4 f6
23.hxg6 hxg6 24.Rh6 Qg7 25.f5 exf5 26.gxf5  1-0

[Event "ch-HUN w"]
[Site "Budapest HUN"]
[Date "2003.09.25"]
[Round "5"]
[White "Gara,A"]
[Black "Rudolf,A"]
[Result "1/2-1/2"]
[WhiteElo "2352"]
[BlackElo "2222"]

1.e4 e6 2.d4 d5 3.Nc3 Nf6 4.e5 Nfd7 5.f4 c5 6.Nf3 Nc6 7.Be3 a6 8.Qd2 b5 9.Be2 Qb6
10.Nd1 a5 11.O-O b4 12.c3 Ba6 13.Bxa6 Qxa6 14.Bf2 Be7 15.f5 a4 16.fxe6 fxe6
17.Ng5 Bxg5 18.Qxg5 O-O 19.Qg4 Rae8 20.Ne3 a3 21.bxa3 bxc3 22.Nxd5 Qc4 23.Ne3 Qxd4
24.Rfd1 Qxg4 25.Nxg4 Ncxe5 26.Nxe5 Nxe5 27.Bxc5 Rf5 28.Bd4 c2 29.Rd2 Rd8
30.Rc1 Nc4 31.Rdxc2 Rxd4 32.Rxc4 Rd2 33.R4c2 Rff2 34.Rxd2 Rxd2 35.Ra1 Kf7
36.a4 Rd4 37.a5 Ra4 38.Kf2 e5 39.Ke3 Ke6 40.a6 Kd5 41.a3 Rxa6 42.a4 Ra5 43.g4 g5
44.h3 Kd6 45.Ke4 Ke6 46.Ra2 Kf6 47.Kd3 Ke6 48.Kc4 Kd6 49.Rd2+ Ke6 50.Kb4 Ra8
51.a5 e4 52.Ra2 Ke5 53.Kc3 Kf4 54.Kd2 Ra6 55.Ra3 h6 56.Ke2 e3 57.Ra1 Kg3
58.Kxe3 Kxh3 59.Ra4 Kh4 60.Kf3 Rf6+ 61.Kg2 Ra6 62.Kh2 h5 63.gxh5+ Kxh5 64.Kg3 Kg6
65.Kg4 Kf6 66.Ra2 Kg6 67.Ra3 Kf6 68.Rf3+ Ke5 69.Kxg5 Kd4 70.Rf5 Kc4 71.Kf4 Kb4
72.Ke4 Rxa5  1/2-1/2

[Event "7th Itau Cup"]
[Site "Sao Paulo BRA"]
[Date "2003.10.03"]
[Round "7"]
[White "Caldeira,A"]
[Black "Pereira,Jor"]
[Result "1-0"]
[WhiteElo "2352"]
[BlackElo "2120"]

1.e4 e6 2.d4 d5 3.Nc3 Nf6 4.e5 Nfd7 5.f4 c5 6.Nf3 Nc6 7.Be3 b6 8.Qd2 f6 9.exf6 Nxf6
10.O-O-O Be7 11.Bb5 Bd7 12.f5 Qc8 13.fxe6 Bxe6 14.Ne5 Bd7 15.Nxd7 Qxd7 16.dxc5 O-O
17.Nxd5 Nxd5 18.Qxd5+ Qxd5 19.Rxd5 Nb4 20.Rd7 Nxa2+ 21.Kb1 Nc3+ 22.bxc3 Bxc5
23.Bd4 Bxd4 24.cxd4 Rf2 25.Re1 Rc8 26.Re2 Rf5 27.Bd3 Rf7 28.Ree7 Rxe7 29.Rxe7 Rd8
30.Bc4+ Kf8 31.Rf7+ Ke8 32.Rxg7 Rxd4 33.Bd3 h5 34.Rxa7 Rg4 35.g3 h4 36.gxh4 Rxh4
37.Rh7 Rb4+ 38.Kc1 Rf4 39.h4 Rf2 40.h5 Kf8 41.h6 Rf6 42.Rh8+ Kf7 43.h7  1-0

[Event "7th Itau Cup"]
[Site "Sao Paulo BRA"]
[Date "2003.10.04"]
[Round "8"]
[White "Marra,E"]
[Black "Shitsuka,C"]
[Result "1-0"]
[WhiteElo "2146"]
[BlackElo "2032"]

1.e4 e6 2.d4 d5 3.Nc3 Nf6 4.e5 Nfd7 5.f4 c5 6.Nf3 b6 7.a4 Ba6 8.Bb5 Be7 9.O-O Qc7
10.Qe2 Qb7 11.f5 Bxb5 12.Nxb5 a6 13.Nd6+ Bxd6 14.exd6 Nf8 15.Ng5 f6 16.fxe6 Nc6
17.dxc5 bxc5 18.e7 Ng6 19.Ne6 Qd7 20.Nxg7+ Kf7 21.Bh6 Qxd6 22.Rxf6+ Kxf6
23.Rf1+ Nf4  1-0

[Event "Femida Open"]
[Site "Kharkov UKR"]
[Date "2003.10.17"]
[Round "9"]
[White "Sluzhbina,A"]
[Black "Kostiukova,L"]
[Result "0-1"]
[WhiteElo "1993"]
[BlackElo "2144"]

1.e4 e6 2.d4 d5 3.Nc3 Nf6 4.e5 Nfd7 5.f4 c5 6.Nf3 Nc6 7.Be3 a6 8.Qd2 cxd4
9.Nxd4 Bc5 10.O-O-O Bxd4 11.Bxd4 b5 12.Qe3 Qc7 13.Qg3 O-O 14.Qe3 b4 15.Na4 Nxd4
16.Qxd4 Rb8 17.b3 a5 18.g4 Bb7 19.Bd3 Rfc8 20.Kb1 Bc6 21.Ba6 Bxa4 22.Bxc8 Rxc8
23.bxa4 Nb6 24.Rd2 Nxa4 25.f5 Nc3+ 26.Kc1 Nxa2+ 27.Kd1 b3 28.Qb2 Qc4 29.g5 a4
30.Rg2 Qf4 31.cxb3 Qf3+  0-1

[Event "300 Years Women"]
[Site "St Petersburg RUS"]
[Date "2003.10.23"]
[Round "6"]
[White "Zigangirova,S"]
[Black "Mokhova,K"]
[Result "1/2-1/2"]
[WhiteElo "2238"]
[BlackElo "2121"]

1.e4 e6 2.d4 d5 3.Nc3 Nf6 4.e5 Nfd7 5.f4 c5 6.Nf3 a6 7.Be3 Qb6 8.a3 Qc7 9.h4 cxd4
10.Nxd4 Nc6 11.Qd2 b5 12.Nxc6 Qxc6 13.Bd4 Bc5 14.Be2 Bxd4 15.Qxd4 Qb6 16.O-O-O Qxd4
17.Rxd4 Nb8 18.Rd3 Nc6 19.g4 Bb7 20.Bf3 Rc8 21.Ne2 b4 22.Kd2 a5 23.axb4 axb4
24.Ra1 Ke7 25.Nd4 Ra8 26.Rxa8 Rxa8 27.Nxc6+ Bxc6 28.Rd4 Rb8 29.Ke3 Bd7 30.Rd1 Rc8  1/2-1/2

[Event "300 Years"]
[Site "St Petersburg RUS"]
[Date "2003.10.23"]
[Round "6"]
[White "Klimov,S"]
[Black "Gleizerov,E"]
[Result "0-1"]
[WhiteElo "2512"]
[BlackElo "2574"]

1.e4 e6 2.d4 d5 3.Nc3 Nf6 4.e5 Nfd7 5.f4 c5 6.Nf3 Qb6 7.Ne2 cxd4 8.Nexd4 Nc6
9.c3 Nc5 10.Rb1 Bd7 11.Be3 Rc8 12.Be2 Ne4 13.O-O Nxd4 14.Nxd4 Bc5 15.Bd3 O-O
16.b4 Bxd4 17.Bxd4 Qc7 18.c4 f5 19.exf6 Nxf6 20.c5 a6 21.Be5 Qd8 22.Qe2 Re8
23.Rf3 Re7 24.Rh3 Qe8 25.Qe1 Bb5 26.Bxb5 axb5 27.Rbb3 Ne4 28.Qh4 h6 29.Qg4 Kh7
30.f5 exf5 31.Qxf5+ Kg8 32.Bd4 Rf7 33.Qh5 Nd2 34.Qd1 Qf8 35.Rbf3 Nxf3+ 36.gxf3 Qe7
37.Rg3 Re8 38.Kf2 Qh4 39.Kg2 Rfe7 40.Bg1 Qc4  0-1

[Event "300 Years"]
[Site "St Petersburg RUS"]
[Date "2003.10.23"]
[Round "6"]
[White "Voitsekhovsky,S"]
[Black "Pliasunov,A"]
[Result "1-0"]
[WhiteElo "2503"]
[BlackElo "2389"]

1.e4 e6 2.d4 d5 3.Nc3 Nf6 4.e5 Nfd7 5.f4 c5 6.Nf3 Qb6 7.Be3 a6 8.a3 Nc6 9.dxc5 Bxc5
10.Na4 Qa5+ 11.b4 Qxa4 12.bxc5 d4 13.Nxd4 Nxc5 14.Be2 O-O 15.O-O Nxd4 16.Qxd4 Qxd4
17.Bxd4 Na4 18.Rab1 b5 19.Bf3 Bd7 20.Bxa8 Rxa8 21.Rfc1 Rc8 22.g3 h5 23.Kf2 Nc3
24.Bxc3 Rxc3 25.Rb3 Rc4 26.Rd3 Bc6 27.c3 Ra4 28.Ra1 Rc4 29.Ke2 a5 30.Kd2 a4
31.Rb1 Kf8 32.Rb4 Rc5 33.Rd8+ Ke7 34.Rb8 Rd5+ 35.Rd4 Rc5 36.Rc8  1-0

[Event "300 Years Women"]
[Site "St Petersburg RUS"]
[Date "2003.10.25"]
[Round "8"]
[White "Vasilevich,I"]
[Black "Grabuzova,T"]
[Result "1-0"]
[WhiteElo "2273"]
[BlackElo "2366"]

1.e4 e6 2.d4 d5 3.Nc3 Nf6 4.e5 Nfd7 5.f4 c5 6.Nf3 Nc6 7.Be3 cxd4 8.Nxd4 Bc5
9.Qd2 Bxd4 10.Bxd4 Nxd4 11.Qxd4 Qb6 12.Qxb6 Nxb6 13.Nb5 Ke7 14.Nd4 Bd7 15.Bd3 Na4
16.O-O-O Nc5 17.g4 g5 18.f5 Rag8 19.f6+ Kd8 20.b4 Na4 21.c4 dxc4 22.Bxc4 Kc7
23.Rd3 h5 24.Bb5 Rc8 25.Kb1 Nb6 26.Bxd7 Nxd7 27.Nb5+ Kb6 28.Rxd7 Kxb5 29.Rxf7 hxg4
30.Rxb7+ Ka4 31.Rxa7+ Kxb4 32.Rg7 g3 33.Rxg5 gxh2 34.Rg2 Rh5 35.Rgxh2 Rxe5
36.Rb2+ Ka5 37.Rf1 Rf8 38.Rb7 Rh5 39.Re7 Rh6 40.Rxe6 Rf7 41.Kc2 Rh2+ 42.Kd3 Rd7+
43.Ke3 Rh3+ 44.Ke4 Rh4+ 45.Rf4 Rh1 46.Re5+ Kb6 47.Kf5 Kc6 48.Rc4+ Kb6 49.Re7 Rd5+
50.Ke6 Rhh5 51.Re4 Kc6 52.Kf7 Rdf5 53.R7e6+ Kd5 54.Re2 Rh1 55.Rd2+ Kc5 56.Rg2 Kd5
57.Ra6 Ke4 58.Rg4+ Ke3 59.Ra3+  1-0

[Event "9th Medunarodni"]
[Site "Tuzla BIH"]
[Date "2003.10.25"]
[Round "11"]
[White "Avdil,H"]
[Black "Dugonjic,D"]
[Result "1-0"]
[WhiteElo "2221"]
[BlackElo "2310"]

1.e4 e6 2.d4 d5 3.Nc3 Nf6 4.e5 Nfd7 5.f4 c5 6.Nf3 Nc6 7.Be3 cxd4 8.Nxd4 Nxd4
9.Bxd4 Bc5 10.Qd2 Bxd4 11.Qxd4 Qb6 12.Qxb6 Nxb6 13.a4 Bd7 14.a5 Nc8 15.Bd3 Ne7
16.O-O g6 17.Kf2 a6 18.Ne2 Rc8 19.c3 Nc6 20.Ke3 Ke7 21.Ra3 Rc7 22.Rfa1 h5
23.g3 Na7 24.Nd4 Nc6 25.Nc2 Na7 26.Be2 Rhc8 27.h3 Bb5 28.Bf3 Bd7 29.Nb4 Bb5
30.Rh1 Nc6 31.Nc2 Na7 32.g4 hxg4 33.hxg4 Be8 34.Ra2 Nb5 35.Be2 Na7 36.Rh7 Bb5
37.Bf3 Nc6 38.g5 Rd8 39.Bd1 Bc4 40.Ra3 Rcc8 41.Nd4 Nxd4 42.cxd4 Rh8 43.Rxh8 Rxh8
44.Rc3 Kd8 45.b3 Bb5 46.Rc2 Rh4 47.Rd2 Kc7 48.Rc2+ Kb8 49.Rd2 b6 50.b4 Kb7
51.Kf2 Rh3 52.Bf3 bxa5 53.bxa5 Rh8 54.Rb2 Ka7 55.Rc2 Kb7 56.Rc5 Rc8 57.Ke3 Rxc5
58.dxc5 Kc6 59.Kd4 Bc4 60.Bd1 Kb5 61.Bc2 Kxa5 62.f5 gxf5 63.Bxf5 Bb5 64.Bh7 Kb4
65.Bg8 Be8 66.Bxf7 Bxf7 67.c6 Be8 68.g6 a5 69.c7 Bd7 70.g7  1-0

[Event "Classics II GM"]
[Site "Gausdal NOR"]
[Date "2003.10.26"]
[Round "7"]
[White "Johannessen,LE"]
[Black "Orr,M"]
[Result "1-0"]
[WhiteElo "2495"]
[BlackElo "2352"]

1.e4 e6 2.d4 d5 3.Nc3 Nf6 4.e5 Nfd7 5.f4 c5 6.Nf3 Nc6 7.Be3 cxd4 8.Nxd4 Bc5
9.Qd2 Bxd4 10.Bxd4 Nxd4 11.Qxd4 Qb6 12.Qxb6 Nxb6 13.Nb5 Ke7 14.b3 Bd7 15.Nd4 a6
16.Kd2 Nc8 17.Bd3 Na7 18.c3 Nc6 19.Nf3 h5 20.b4 Na7 21.a4 Nc8 22.Nd4 Nb6
23.a5 Nc4+ 24.Bxc4 dxc4 25.Ke3 Rhd8 26.Rhd1 f6 27.Ra2 Be8 28.Rad2 Bg6 29.exf6+ gxf6
30.f5 exf5 31.Kf4 Rd5 32.Re1+ Kf7 33.Rde2 Rd7 34.Re6 Rad8 35.Rb6 Rxd4+ 36.cxd4 Rxd4+
37.Kf3 Rd7 38.Rc1 Rc7 39.Rc3 f4 40.Rd6 Ke7 41.Rd4 Bf7 42.Kxf4 Be6 43.Ke3 b6
44.axb6 Rb7 45.Rd2 Rxb6 46.Rb2 Rd6 47.Ra3 Bd7 48.Rd2 Rb6 49.Kd4 Be6 50.Kc3 Kf7
51.Ra5 Kg6 52.Rd4 Bf7 53.Rd2 Be6 54.Rc5 Bf7 55.Rc7 Re6 56.Rdd7 Be8 57.Rg7+ Kf5
58.Rc5+ Re5 59.Kxc4 Bb5+ 60.Kd4 Kf4 61.g3+ Kf5 62.Re7 Rxc5 63.bxc5  1-0

[Event "Ralston IM"]
[Site "San Francisco USA"]
[Date "2003.10.26"]
[Round "4"]
[White "Ishkhamov,T"]
[Black "Poehlmann,R"]
[Result "0-1"]
[WhiteElo "2265"]
[BlackElo "2192"]

1.e4 e6 2.d4 d5 3.Nc3 Nf6 4.e5 Nfd7 5.f4 c5 6.Nf3 Nc6 7.Be3 a6 8.Qd2 cxd4
9.Nxd4 Bc5 10.O-O-O O-O 11.Qf2 Bxd4 12.Bxd4 b5 13.Bd3 b4 14.Ne2 a5 15.Qf3 Ba6
16.Rhe1 Qc7 17.Kb1 a4 18.Rc1 Nxd4 19.Nxd4 a3 20.c3 axb2 21.Rc2 Bxd3 22.Qxd3 Qa5
23.Rxb2 Nc5 24.Qe3 bxc3 25.Rc2 Rfb8+ 26.Kc1 Ne4 27.Ree2 Qa3+ 28.Kd1 Rb1+
29.Rc1 Rxc1+ 30.Qxc1 Qa4+ 31.Nb3 Qc4 32.Qc2 Nc5 33.Nxc5 Qxc5 34.f5 Qg1+ 35.Re1 Qd4+
36.Kc1 exf5 37.Qe2 Qf4+ 38.Kd1 Qe4  0-1

[Event "300 Years"]
[Site "St Petersburg RUS"]
[Date "2003.10.26"]
[Round "9"]
[White "Frolyanov,D"]
[Black "Riazantsev,A"]
[Result "0-1"]
[WhiteElo "2482"]
[BlackElo "2572"]

1.e4 e6 2.d4 d5 3.Nc3 Nf6 4.e5 Nfd7 5.f4 c5 6.Nf3 Nc6 7.Be3 a6 8.Qd2 b5 9.Bd3 b4
10.Nd1 c4 11.Be2 Be7 12.O-O g6 13.Bf2 h5 14.Ne3 Nb6 15.b3 c3 16.Qe1 a5 17.a4 bxa3
18.Bb5 Bd7 19.Qxc3 Nxe5 20.Bxd7+ Nexd7 21.Qd3 a4 22.f5 gxf5 23.Nxf5 exf5
24.Qxf5 axb3 25.Rae1 Kf8 26.Ne5 Nxe5 27.dxe5 Qc8 28.e6 f6 29.Bxb6 Qxc2 30.Qxd5 Rc8
31.Qd7 Rh6 32.Re2 Qc6 33.Be3 Rg6 34.Qd3 Kg7 35.Qxb3 Qc4 36.Qxc4 Rxc4 37.Rc1 Rgg4
38.Rd1 Rge4 39.Rd7 Rxe6 40.Ra7 Kg6 41.Kf2 Rce4 42.Ra5 Bb4 43.Rb5 Bc3 44.Rb3 a2
45.Rxa2 Rxe3  0-1

[Event "CCAS Open"]
[Site "Cap d'Agde FRA"]
[Date "2003.10.29"]
[Round "8"]
[White "Tirard,H"]
[Black "Kosten,A"]
[Result "1-0"]
[WhiteElo "2421"]
[BlackElo "2540"]

1.e4 e6 2.d4 d5 3.Nc3 Nf6 4.e5 Nfd7 5.f4 c5 6.Nf3 a6 7.Be3 Qb6 8.Na4 Qa5+
9.c3 cxd4 10.b4 Qc7 11.Qxd4 Nc6 12.Qd2 b5 13.Nb2 f6 14.exf6 Nxf6 15.Bd3 Bd6
16.O-O O-O 17.a4 Rb8 18.axb5 axb5 19.g3 e5 20.fxe5 Nxe5 21.Ra7 Bb7 22.Nd4 Nxd3
23.Nxb5 Nxb2 24.Nxc7 Nc4 25.Rxf6 Nxd2 26.Rxd6 Nf3+ 27.Kf2 d4 28.cxd4 Nxh2+
29.Bf4 Ng4+ 30.Ke1 g5 31.Bxg5 Bg2 32.Bf4 Rxb4 33.Ne6 Rb1+ 34.Kd2 Rc8 35.Rg7+ Kh8
36.Rxg4 Rb2+ 37.Kd3 Rb3+ 38.Ke2 Rb2+ 39.Bd2 h5 40.Rg5 Bf1+ 41.Kxf1 Rxd2 42.Rxh5+ Kg8
43.Rd8+  1-0

[Event "Ralston IM"]
[Site "San Francisco USA"]
[Date "2003.11.01"]
[Round "6"]
[White "Lobo,Ri"]
[Black "Poehlmann,R"]
[Result "0-1"]
[WhiteElo "2302"]
[BlackElo "2192"]

1.e4 e6 2.d4 d5 3.Nc3 Nf6 4.e5 Nfd7 5.f4 c5 6.Nf3 Nc6 7.Be3 a6 8.Qd2 cxd4
9.Nxd4 Bc5 10.O-O-O O-O 11.h4 Nxd4 12.Bxd4 b5 13.h5 b4 14.Ne2 a5 15.Kb1 Ba6
16.Ng3 Bxf1 17.Rdxf1 Bxd4 18.Qxd4 Rc8 19.Rc1 Rc4 20.Qd2 Qc7 21.Ne2 Nc5 22.Qe3 Ne4
23.Rhd1 Rc8 24.Nd4 a4 25.a3 Qc5 26.Ka2 Rb8 27.Rb1 Rxc2 28.axb4 Qc4+ 29.Ka1 Nc3  0-1

[Event "Ralston IM"]
[Site "San Francisco USA"]
[Date "2003.11.02"]
[Round "8"]
[White "Shivaji,S1"]
[Black "Evans,Be"]
[Result "1/2-1/2"]
[WhiteElo "2281"]
[BlackElo "2262"]

1.e4 e6 2.d4 d5 3.Nc3 Nf6 4.e5 Nfd7 5.f4 c5 6.Nf3 Nc6 7.Be3 cxd4 8.Nxd4 Bc5
9.Qd2 O-O 10.O-O-O a6 11.Qf2 Nxd4 12.Bxd4 Qc7 13.Bd3 Bxd4 14.Qxd4 Qc5 15.Ne2 b5
16.Kb1 b4 17.Rc1 Qxd4 18.Nxd4 Nc5 19.Rhd1 Na4 20.Re1 Bd7 21.c3 bxc3 22.b3 Nc5
23.Rxc3 Rac8 24.Rec1 Nxd3 25.Rxd3 Rxc1+ 26.Kxc1 f6 27.Rf3 Kf7 28.Re3 Ke7
29.exf6+ gxf6 30.Nxe6 Bxe6 31.f5 Rg8 32.Rxe6+ Kf7 33.Rxa6 Rxg2 34.Ra7+ Ke8
35.Rxh7 Rxa2 36.h4 Rf2 37.Rh5  1/2-1/2

[Event "ch-UKR"]
[Site "Simferopol UKR"]
[Date "2003.11.07"]
[Round "4"]
[White "Alexikov,A"]
[Black "Malakhatko,V"]
[Result "0-1"]
[WhiteElo "2383"]
[BlackElo "2529"]

1.e4 e6 2.d4 d5 3.Nc3 Nf6 4.e5 Nfd7 5.f4 c5 6.Nf3 Nc6 7.Be3 a6 8.Qd2 b5 9.dxc5 Bxc5
10.Bxc5 Nxc5 11.Qf2 Qb6 12.b4 Nd7 13.Rb1 Qc7 14.Ne2 f6 15.Ned4 Nxd4 16.Nxd4 fxe5
17.Nxe6 Qc3+ 18.Qd2 Qxd2+ 19.Kxd2 Kf7 20.Nc7 Ra7 21.Nxd5 Bb7 22.Ne3 exf4
23.Nf5 Kf6 24.Nd4 Ne5 25.Kc3 Rc8+ 26.Kb2 Nc4+ 27.Ka1 Ne3 28.Bd3 Bxg2 29.Rhg1 Rd7
30.Rxg2 Nxg2 31.Bf5 Rcd8 32.Bxd7 Rxd7 33.c3 Ne3 34.a4 g5 35.axb5 axb5 36.h3 h5
37.Rh1 Rxd4 38.cxd4 f3  0-1

[Event "1st GM"]
[Site "Nagykanizsa HUN"]
[Date "2003.11.09"]
[Round "5"]
[White "Timoshenko,G"]
[Black "Erdos,V"]
[Result "1/2-1/2"]
[WhiteElo "2548"]
[BlackElo "2443"]

1.e4 e6 2.d4 d5 3.Nc3 Nf6 4.e5 Nfd7 5.f4 c5 6.Nf3 Nc6 7.Be3 cxd4 8.Nxd4 Bc5
9.Qd2 O-O 10.O-O-O a6 11.Kb1 Qc7 12.h4 Nxd4 13.Bxd4 b5 14.Rh3 b4 15.Na4 Bxd4
16.Qxd4 Rb8 17.h5 a5 18.b3 Bb7 19.Bb5 Bc6 20.Bxc6 Qxc6 21.f5 Rfc8 22.Rc1 Nc5
23.Nxc5 Qxc5 24.Qf4 exf5 25.Qxf5 Rc6 26.Rd3  1/2-1/2

[Event "1st GM"]
[Site "Nagykanizsa HUN"]
[Date "2003.11.11"]
[Round "7"]
[White "Flumbort,A"]
[Black "Erdos,V"]
[Result "1/2-1/2"]
[WhiteElo "2467"]
[BlackElo "2443"]

1.e4 e6 2.d4 d5 3.Nc3 Nf6 4.e5 Nfd7 5.f4 c5 6.Nf3 Nc6 7.Be3 cxd4 8.Nxd4 Bc5
9.Qd2 O-O 10.O-O-O a6 11.Qf2 Bxd4 12.Bxd4 b5 13.Be3 Bb7 14.Bd3 Rc8 15.Kb1 Qe7
16.Rhe1 Nb4 17.Bd4 Nc5 18.Bxc5 Rxc5 19.Ne2 Nc6 20.g4 Rc8 21.Nd4 Nxd4 22.Qxd4 Qc7
23.Re2 a5 24.f5 b4 25.f6 Qd8 26.h4 g6 27.h5 g5 28.h6 Kh8 29.Qe3 Qg8 30.Rh2 d4
31.Qxd4 Rd5 32.Qe3 Rcc5 33.Re1 Bc6 34.Rh5 Rxe5 35.Qxe5 Rxe5 36.Rxe5 Qd8 37.Rhxg5 Qxf6
38.Rc5 Qxh6 39.b3 Qh2 40.Kb2 Qf4 41.Rh5 Qd4+ 42.Kb1 Qg1+ 43.Kb2 Qd4+ 44.Kb1 Qg1+  1/2-1/2

[Event "Friendship GM"]
[Site "Cartak CZE"]
[Date "2003.11.12"]
[Round "2"]
[White "Kovalev,A"]
[Black "Laznicka,V"]
[Result "1/2-1/2"]
[WhiteElo "2572"]
[BlackElo "2437"]

1.e4 e6 2.d4 d5 3.Nc3 Nf6 4.e5 Nfd7 5.f4 c5 6.Nf3 Nc6 7.Be3 a6 8.Qd2 b5 9.a3 cxd4
10.Nxd4 Nxd4 11.Bxd4 Bc5 12.Bxc5 Nxc5 13.b4 Nd7 14.Bd3 Nb6 15.O-O O-O 16.Qf2 Bd7
17.Ne2 a5 18.Nd4 Nc4 19.Nb3 axb4 20.axb4 Qc7 21.Qc5 Qxc5+ 22.Nxc5 Bc6 23.Kf2 Rfd8
24.Nb3 Kf8 25.Nd4 Bd7 26.Bxc4 dxc4 27.Ke3 Ke7 28.g3 f6 29.c3 fxe5 30.fxe5 Be8
31.Ra5 Rxa5 32.bxa5 Rd5 33.a6 Rxe5+ 34.Kf4 Rc5 35.Re1 g5+ 36.Kf3 Bd7 37.a7 Rc8
38.Ra1 Ra8 39.Ke4 Kd6 40.Ra6+ Kc7 41.Ke5 Kb7 42.Ra2 Rxa7 43.Rxa7+ Kxa7 44.Kd6 Be8
45.Kc7 e5 46.Nf3 Bh5 47.Nxe5 Be2 48.Kd6 Kb6 49.Nc6 h5 50.Nd4 Bd1 51.Kd5 h4
52.gxh4 gxh4 53.Nf5 Bf3+ 54.Kd4 h3 55.Ne3 Be2 56.Nd5+ Kc6 57.Ke5 Bf3 58.Nb4+ Kc5
59.Kf4 Bb7 60.Ke5 Bg2 61.Nc2 Bh1 62.Nb4 Kb6 63.Kd4 Ka5  1/2-1/2